[Event "TUR-chT2"]
[Site "Konya"]
[Date "2017.07.09"]
[Round "1.16"]
[White "Elidolu, Oguz Kaan"]
[Black "Yildirim, Deniz"]
[Result "1-0"]
[WhiteElo "1325"]
[BlackElo "1669"]
[PlyCount "68"]
[EventDate "2017.07.09"]
[EventType "team-swiss"]
[EventRounds "9"]
[EventCountry "TUR"]
[SourceTitle "CBM 179 Extra"]
[Source "ChessBase"]
[SourceDate "2017.08.23"]
[SourceVersion "1"]
[SourceVersionDate "2017.08.23"]
[SourceQuality "1"]
[WhiteTeam "Genclik Elazig"]
[BlackTeam "Hamle Adana"]
[WhiteTeamCountry "TUR"]
[BlackTeamCountry "TUR"]

1. e4 e6 2. d4 d5 3. exd5 exd5 4. Bd3 Bd6 5. Nf3 Nf6 6. Nc3 c6 7. h3 0-0 8. 0-0 Re8 9. Be3 Nbd7 10. Re1 b5 11. Ne2 Qc7 12. c3 Nb6 13. Qc1 Bd7 14. b3 a5 15. c4 bxc4 16. bxc4 dxc4 17. Bxc4 Nxc4 18. Qxc4 Be6 19. Qa4 Nd5 20. Bd2 Bd7 21. Rac1 Nb4 22. Nc3 c5 23. Qd1 Qa7 24. Ne4 Rxe4 25. Rxe4 Bf5 26. Bxb4 axb4 27. Re2 g6 28. dxc5 Bxc5 29. Qd5 Rc8 30. Rce1 Kf8 31. Qe5 Kg8 32. Qf6 Qd7 33. Ne5 Qc7 34. Nxg6 Bf8 1-0